00575nam a2200145Ia 4500008004100000100001900041245011800060245004000178260004900218260000900267650001300276856004800289999001900337952007300356170221s9999 xx 000 0 und d aLaw, Monica L. 3aAn empirical investigation: Best practices within error reporting systems in acute care hospitals in Pennsylvania cMonica L. Law, Marywood University. bJournal of Management and Marketing Research c2015 xBusiness uhttp://www.aabri.com/manuscripts/141790.pdf c309318d309318 001040aCLbCLd2017-02-21l0r2017-02-21 00:00:00w2017-02-21yFOJ